[Event "Russian Higher League 2021"]
[Site "?"]
[Date "2021.06.27"]
[Round "2.11"]
[White "Matlakov, Maxim"]
[Black "Faizrakhmanov, Ramil"]
[Result "1/2-1/2"]
[WhiteElo "2688"]
[BlackElo "2484"]
[Annotator ""]
[Source ""]
[Remark ""]

1.e4 {[%clk 1:30:57]} c6 {[%clk 1:30:32]} 2.d4 {[%clk 1:31:22]}
d5 {[%clk 1:30:50]} 3.e5 {[%clk 1:31:41]} Bf5 {[%clk 1:30:31]}
4.h4 {[%clk 1:31:51]} h5 {[%clk 1:30:08]} 5.c4 {[%clk 1:31:41]}
e6 {[%clk 1:29:39]} 6.Nc3 {[%clk 1:31:53]} dxc4 {[%clk 1:27:54]}
7.Bxc4 {[%clk 1:32:12]} Nd7 {[%clk 1:26:03]} 8.Bb3 {[%clk 1:32:04]}
Be7 {[%clk 1:21:08]} 9.Bc2 {[%clk 1:31:41]} Bxc2 {[%clk 1:14:56]}
10.Qxc2 {[%clk 1:31:12]} Nh6 {[%clk 1:14:24]} 11.Bxh6 {[%clk 1:30:34]}
Rxh6 {[%clk 1:14:43]} 12.Nf3 {[%clk 1:31:00]} Nb6 {[%clk 1:10:56]}
13.a3 {[%clk 1:23:11]} Nd5 {[%clk 1:08:32]} 14.Ne4 {[%clk 1:21:41]}
Qa5+ {[%clk 1:00:05]} 15.Kf1 {[%clk 1:18:44]} Kf8 {[%clk 0:50:25]}
16.g3 {[%clk 1:12:47]} g6 {[%clk 0:49:12]} 17.Kg2 {[%clk 1:05:14]}
Kg7 {[%clk 0:49:01]} 18.Rad1 {[%clk 0:47:29]} Rhh8 {[%clk 0:47:04]}
19.Rd3 {[%clk 0:44:25]} Rad8 {[%clk 0:40:51]} 20.Rhd1 {[%clk 0:38:02]}
Qc7 {[%clk 0:34:23]} 21.Kg1 {[%clk 0:29:05]} Rd7 {[%clk 0:31:38]}
22.Nc5 {[%clk 0:24:39]} Rdd8 {[%clk 0:28:52]} 23.Re1 {[%clk 0:17:34]}
b6 {[%clk 0:28:52]} 24.Ne4 {[%clk 0:17:34]} c5 {[%clk 0:22:10]}
25.dxc5 bxc5 26.Rc1 {[%clk 0:16:45]} Rc8 {[%clk 0:20:35]} 27.b3
{[%clk 0:15:32]} Rhd8 {[%clk 0:19:15]} 28.Qb2 {[%clk 0:12:11]}
Qb8 {[%clk 0:06:28]} 29.Nfd2 {[%clk 0:10:31]} Kg8 {[%clk 0:05:51]}
30.Nc4 {[%clk 0:04:10]} Rc6 {[%clk 0:04:09]} 31.Rf3 {[%clk 0:04:19]}
Nb6 {[%clk 0:02:52]} 32.Ncd6 {[%clk 0:02:50]} Rf8 {[%clk 0:01:40]}
33.Qd2 {[%clk 0:01:38]} Nd7 {[%clk 0:01:23]} 34.Rxf7 Nxe5 35.Qh6
{[%clk 0:01:09]} Rxf7 {[%clk 0:01:41]} 36.Nxf7 {[%clk 0:02:03]}
Nxf7 {[%clk 0:01:25]} 37.Qxg6+ {[%clk 0:01:52]} Kf8 {[%clk 0:01:09]}
38.Rc3 {[%clk 0:01:56]} Qe5 {[%clk 0:01:23]} 39.Rf3 {[%clk 0:01:56]}
Qg7 {[%clk 0:01:23]} 40.Qxh5 {[%clk 0:24:49]} e5 {[%clk 0:27:15]}
41.Rc3 {[%clk 0:24:49]} Kg8 {[%clk 0:27:15]} 42.b4 {[%clk 0:24:49]}
Rh6 {[%clk 0:27:15]} 43.Qf3 {[%clk 0:12:57]} cxb4 44.Rc8+ {[%clk 0:12:31]}
Bf8 {[%clk 0:20:56]} 45.axb4 {[%clk 0:12:41]} Nd6 {[%clk 0:17:40]}
46.Ra8 {[%clk 0:08:50]} Nxe4 {[%clk 0:13:30]} 47.Qxe4 {[%clk 0:09:18]}
Rd6 {[%clk 0:11:53]} 48.Qc4+ {[%clk 0:07:06]} Qf7 {[%clk 0:10:51]}
49.Qxf7+ {[%clk 0:06:58]} Kxf7 {[%clk 0:11:15]} 50.Rxa7+ {[%clk 0:07:25]}
Kf6 {[%clk 0:10:43]} 51.Rb7 {[%clk 0:02:59]} Rd2 {[%clk 0:09:26]}
52.Kf1 {[%clk 0:03:01]} Rb2 {[%clk 0:07:58]} 53.Rb6+ {[%clk 0:02:29]}
Kf5 {[%clk 0:06:52]} 54.Kg2 {[%clk 0:02:14]} Bxb4 {[%clk 0:06:41]}
55.Rb5 {[%clk 0:02:37]} Bc3 {[%clk 0:04:17]} 56.Rxb2 {[%clk 0:02:56]}
Bxb2 {[%clk 0:04:42]} 57.f3 {[%clk 0:03:18]} Bd4 {[%clk 0:03:29]}
58.Kf1 {[%clk 0:02:26]} Bc3 {[%clk 0:03:13]} 59.Ke2 {[%clk 0:02:16]}
Bb4 {[%clk 0:03:28]} 1/2-1/2

[Event "Russian Higher League 2021"]
[Site "?"]
[Date "2021.06.27"]
[Round "2.13"]
[White "Makarian, Rudik"]
[Black "Kokarev, Dmitry"]
[Result "1-0"]
[WhiteElo "2460"]
[BlackElo "2618"]
[Annotator ""]
[Source ""]
[Remark ""]

1.d4 {[%clk 1:30:56]} Nf6 {[%clk 1:30:47]} 2.c4 {[%clk 1:31:16]}
g6 {[%clk 1:31:11]} 3.Nc3 {[%clk 1:31:33]} Bg7 {[%clk 1:31:32]}
4.e4 {[%clk 1:31:57]} d6 {[%clk 1:31:56]} 5.h3 {[%clk 1:32:24]}
O-O {[%clk 1:32:09]} 6.Be3 {[%clk 1:32:50]} Na6 {[%clk 1:30:38]}
7.g4 {[%clk 1:30:36]} e5 {[%clk 1:29:05]} 8.d5 Nc5 9.f3 {[%clk 1:31:26]}
c6 {[%clk 1:26:06]} 10.b4 {[%clk 1:29:38]} cxd5 {[%clk 1:23:16]}
11.cxd5 {[%clk 1:30:03]} Na6 {[%clk 1:20:08]} 12.Rb1 {[%clk 1:28:15]}
Ne8 {[%clk 1:16:12]} 13.h4 {[%clk 1:15:23]} Bf6 {[%clk 1:16:28]}
14.Bf2 {[%clk 1:08:52]} Be7 {[%clk 1:16:21]} 15.Qd2 {[%clk 0:57:43]}
f5 {[%clk 1:13:53]} 16.gxf5 {[%clk 0:57:43]} gxf5 {[%clk 1:14:15]}
17.Bd3 {[%clk 0:54:57]} Kh8 {[%clk 1:10:31]} 18.Nh3 {[%clk 0:50:16]}
Ng7 {[%clk 0:48:55]} 19.exf5 {[%clk 0:48:09]} Bxf5 {[%clk 0:46:04]}
20.Ne4 {[%clk 0:44:35]} Nc7 {[%clk 0:40:23]} 21.Qh6 {[%clk 0:39:37]}
Bg6 {[%clk 0:38:56]} 22.h5 {[%clk 0:39:19]} Nf5 {[%clk 0:38:36]}
23.Qd2 {[%clk 0:37:39]} Bxh5 {[%clk 0:34:51]} 24.Ng3 {[%clk 0:29:36]}
Bg6 {[%clk 0:32:49]} 25.Nxf5 {[%clk 0:27:21]} Bxf5 {[%clk 0:33:05]}
26.Nf4 {[%clk 0:27:13]} 1-0

[Event "Russian Higher League 2021"]
[Site "?"]
[Date "2021.06.27"]
[Round "2.14"]
[White "Shimanov, Aleksandr"]
[Black "Askerov, Marat"]
[Result "1-0"]
[WhiteElo "2597"]
[BlackElo "2354"]
[Annotator ""]
[Source ""]
[Remark ""]

1.d4 {[%clk 1:30:48]} Nf6 {[%clk 1:30:55]} 2.Nf3 {[%clk 1:31:09]}
e6 {[%clk 1:31:19]} 3.Bf4 {[%clk 1:31:33]} c5 {[%clk 1:31:33]}
4.e3 {[%clk 1:31:57]} b6 {[%clk 1:31:40]} 5.Nc3 {[%clk 1:32:08]}
a6 {[%clk 1:24:36]} 6.d5 {[%clk 1:32:11]} d6 {[%clk 1:19:17]}
7.dxe6 {[%clk 1:28:43]} Bxe6 {[%clk 1:16:51]} 8.Ng5 {[%clk 1:27:06]}
Nc6 {[%clk 1:10:28]} 9.Nxe6 {[%clk 1:23:44]} fxe6 {[%clk 1:10:56]}
10.g4 {[%clk 1:24:00]} h6 {[%clk 0:52:50]} 11.Qf3 {[%clk 1:20:09]}
d5 {[%clk 0:45:57]} 12.Qh3 {[%clk 1:00:30]} Kf7 {[%clk 0:31:03]}
13.g5 {[%clk 0:54:50]} hxg5 {[%clk 0:30:58]} 14.Qxh8 {[%clk 0:55:12]}
gxf4 {[%clk 0:31:24]} 15.Rg1 {[%clk 0:53:03]} Ne5 {[%clk 0:22:23]}
16.O-O-O {[%clk 0:50:51]} f3 {[%clk 0:19:40]} 17.Rg5 {[%clk 0:43:21]}
Qb8 {[%clk 0:19:03]} 18.Bh3 {[%clk 0:21:17]} g6 {[%clk 0:15:13]}
19.Bxe6+ {[%clk 0:19:24]} Kxe6 {[%clk 0:13:01]} 20.Qh3+ {[%clk 0:19:33]}
Kf7 {[%clk 0:09:26]} 21.Nxd5 {[%clk 0:19:33]} Bg7 {[%clk 0:03:50]}
22.Nf4 {[%clk 0:13:58]} Qe8 {[%clk 0:03:53]} 23.Nxg6 {[%clk 0:10:25]}
Nxg6 {[%clk 0:02:46]} 24.Rdg1 {[%clk 0:10:52]} Bh8 {[%clk 0:00:46]}
25.Rxg6 {[%clk 0:11:16]} Qe5 {[%clk 0:00:37]} 26.Qxf3 {[%clk 0:11:04]}
Rd8 {[%clk 0:00:40]} 27.Qb7+ {[%clk 0:10:46]} Kf8 {[%clk 0:00:56]}
28.Qxb6 {[%clk 0:05:49]} Rb8 {[%clk 0:00:53]} 29.R6g5 {[%clk 0:06:04]}
Qxe3+ {[%clk 0:00:36]} 30.fxe3 {[%clk 0:06:29]} Rxb6 {[%clk 0:01:04]}
31.Rxc5 {[%clk 0:06:48]} Ne8 {[%clk 0:00:43]} 32.c3 {[%clk 0:06:59]}
Rh6 {[%clk 0:00:51]} 33.Rg2 {[%clk 0:07:05]} Ke7 {[%clk 0:01:13]}
34.Ra5 {[%clk 0:05:43]} Nc7 {[%clk 0:01:24]} 35.Rd2 {[%clk 0:04:40]}
Ke6 {[%clk 0:01:16]} 36.Rc5 {[%clk 0:04:40]} Rh7 {[%clk 0:01:18]}
37.Rc6+ {[%clk 0:03:20]} Kf5 {[%clk 0:01:36]} 38.Kc2 {[%clk 0:02:17]}
Be5 {[%clk 0:01:53]} 39.Kd3 {[%clk 0:01:39]} Rd7+ {[%clk 0:01:55]}
40.Kc2 {[%clk 0:32:01]} Rh7 {[%clk 0:32:12]} 41.h4 {[%clk 0:28:40]}
Rxh4 {[%clk 0:21:09]} 42.Rf2+ {[%clk 0:27:18]} Ke4 {[%clk 0:20:48]}
43.Rc4+ {[%clk 0:26:22]} Kxe3 {[%clk 0:21:12]} 44.Rxh4 {[%clk 0:26:46]}
Kxf2 {[%clk 0:21:39]} 45.Kd3 {[%clk 0:25:44]} Kf3 {[%clk 0:21:33]}
46.Re4 {[%clk 0:25:15]} Bd6 {[%clk 0:20:37]} 47.a4 {[%clk 0:25:20]}
a5 {[%clk 0:20:32]} 48.Rd4 {[%clk 0:24:27]} Bf8 {[%clk 0:12:30]}
49.Rd7 {[%clk 0:23:35]} Ne6 {[%clk 0:12:41]} 50.Kc4 {[%clk 0:23:54]}
Ke4 {[%clk 0:10:22]} 51.Rd5 {[%clk 0:23:47]} 1-0

[Event "Russian Higher League 2021"]
[Site "?"]
[Date "2021.06.27"]
[Round "2.15"]
[White "Obgolts, Erik"]
[Black "Antipov, Mikhail Al."]
[Result "0-1"]
[WhiteElo "2425"]
[BlackElo "2596"]
[Annotator ""]
[Source ""]
[Remark ""]

1.d4 {[%clk 1:30:57]} Nf6 {[%clk 1:30:54]} 2.Nf3 {[%clk 1:31:22]}
d5 {[%clk 1:31:15]} 3.g3 {[%clk 1:28:24]} c6 {[%clk 1:30:57]}
4.Bg2 {[%clk 1:28:36]} Bf5 {[%clk 1:31:09]} 5.O-O {[%clk 1:28:17]}
h6 {[%clk 1:31:04]} 6.c4 {[%clk 1:23:22]} e6 {[%clk 1:30:54]}
7.Qb3 {[%clk 1:20:31]} Qb6 {[%clk 1:30:06]} 8.c5 {[%clk 1:04:58]}
Qa6 {[%clk 1:27:24]} 9.Bf4 {[%clk 1:04:26]} b6 {[%clk 1:18:28]}
10.cxb6 {[%clk 1:02:07]} axb6 {[%clk 1:17:34]} 11.Rc1 {[%clk 1:01:35]}
Nfd7 {[%clk 0:54:50]} 12.Nc3 {[%clk 0:40:31]} Be7 {[%clk 0:48:37]}
13.e4 {[%clk 0:40:16]} dxe4 {[%clk 0:47:19]} 14.Nd2 {[%clk 0:40:30]}
e5 {[%clk 0:38:38]} 15.Be3 {[%clk 0:36:07]} exd4 {[%clk 0:33:19]}
16.Bxd4 {[%clk 0:36:31]} Qd3 {[%clk 0:32:48]} 17.Be3 {[%clk 0:33:45]}
Be6 {[%clk 0:32:54]} 18.Qd1 {[%clk 0:30:31]} f5 {[%clk 0:27:23]}
19.Bf1 {[%clk 0:29:10]} Qd6 {[%clk 0:27:48]} 20.Qh5+ {[%clk 0:28:45]}
Kf8 {[%clk 0:28:17]} 21.Nb5 {[%clk 0:24:53]} Nf6 {[%clk 0:26:15]}
22.Nxd6 {[%clk 0:24:28]} Nxh5 {[%clk 0:26:44]} 23.N6c4 {[%clk 0:24:06]}
Nd7 {[%clk 0:05:00]} 24.Nxb6 {[%clk 0:23:19]} Nxb6 {[%clk 0:05:29]}
25.Bxb6 {[%clk 0:23:42]} Bd5 {[%clk 0:05:27]} 26.Bc5 {[%clk 0:23:04]}
Nf6 {[%clk 0:05:38]} 27.a4 {[%clk 0:20:27]} Rb8 {[%clk 0:03:30]}
28.Bd4 {[%clk 0:18:24]} Nd7 {[%clk 0:03:25]} 29.Nc4 {[%clk 0:18:11]}
Rb4 {[%clk 0:02:48]} 30.a5 {[%clk 0:16:14]} Kf7 {[%clk 0:03:08]}
31.a6 {[%clk 0:14:00]} Ra8 {[%clk 0:03:33]} 32.Ne5+ {[%clk 0:11:46]}
Nxe5 {[%clk 0:03:29]} 33.Bxe5 {[%clk 0:12:12]} Bf6 {[%clk 0:03:36]}
34.Bc3 {[%clk 0:12:26]} Rxb2 {[%clk 0:02:36]} 35.Bxf6 {[%clk 0:09:37]}
Kxf6 {[%clk 0:03:05]} 36.Ra5 {[%clk 0:10:02]} Rb6 {[%clk 0:01:27]}
37.a7 {[%clk 0:09:23]} Rb7 {[%clk 0:01:50]} 38.Rca1 {[%clk 0:09:49]}
g5 {[%clk 0:02:16]} 39.Be2 {[%clk 0:07:38]} Rb2 {[%clk 0:02:39]}
40.Bh5 {[%clk 0:33:44]} f4 {[%clk 0:31:35]} 41.Be8 {[%clk 0:33:48]}
Rxe8 {[%clk 0:08:07]} 42.a8Q {[%clk 0:34:08]} Rxa8 {[%clk 0:08:34]}
43.Rxa8 {[%clk 0:34:33]} f3 {[%clk 0:08:32]} 44.R8a3 {[%clk 0:33:10]}
g4 {[%clk 0:07:12]} 45.Rc1 {[%clk 0:33:01]} Ke5 {[%clk 0:07:26]}
46.Rac3 {[%clk 0:32:06]} Kd4 {[%clk 0:07:22]} 47.R1c2 {[%clk 0:31:20]}
Rxc2 {[%clk 0:06:42]} 48.Rxc2 {[%clk 0:31:47]} Bc4 {[%clk 0:07:07]}
49.h3 {[%clk 0:31:35]} h5 {[%clk 0:07:33]} 50.hxg4 {[%clk 0:31:45]}
hxg4 {[%clk 0:07:58]} 51.Rb2 {[%clk 0:31:55]} c5 {[%clk 0:08:20]}
52.Rb6 {[%clk 0:32:18]} Bd3 {[%clk 0:08:16]} 0-1

[Event "Russian Higher League 2021"]
[Site "?"]
[Date "2021.06.27"]
[Round "2.16"]
[White "Goryachkina, Aleksandra"]
[Black "Grigorjev, Iljya"]
[Result "1-0"]
[WhiteElo "2596"]
[BlackElo "2377"]
[Annotator ""]
[Source ""]
[Remark ""]

1.Nf3 {[%clk 1:30:42]} Nf6 {[%clk 1:30:47]} 2.c4 {[%clk 1:30:59]}
c5 {[%clk 1:30:58]} 3.Nc3 {[%clk 1:31:02]} d5 {[%clk 1:31:14]}
4.cxd5 {[%clk 1:30:00]} Nxd5 {[%clk 1:31:36]} 5.e3 {[%clk 1:29:22]}
Nxc3 {[%clk 1:30:15]} 6.dxc3 {[%clk 1:27:36]} Qc7 {[%clk 1:16:54]}
7.e4 {[%clk 1:27:09]} g6 {[%clk 1:14:22]} 8.Be3 {[%clk 1:20:30]}
Bg7 {[%clk 1:05:03]} 9.Qd5 {[%clk 1:15:40]} Nd7 {[%clk 1:04:57]}
10.Bb5 {[%clk 1:15:18]} O-O {[%clk 1:05:10]} 11.Bxd7 {[%clk 1:14:05]}
Bxd7 {[%clk 1:05:24]} 12.Qxc5 {[%clk 1:13:53]} Qxc5 {[%clk 1:04:27]}
13.Bxc5 {[%clk 1:14:17]} Bc6 {[%clk 0:59:06]} 14.O-O {[%clk 1:02:27]}
Bxe4 {[%clk 0:58:55]} 15.Bxe7 {[%clk 1:00:41]} Rfe8 {[%clk 0:58:48]}
16.Bc5 {[%clk 0:58:58]} Bxf3 {[%clk 0:28:24]} 17.gxf3 {[%clk 0:59:22]}
Re5 {[%clk 0:28:51]} 18.Be3 {[%clk 0:57:47]} Rb5 {[%clk 0:29:15]}
19.Rab1 {[%clk 0:56:21]} Rc8 {[%clk 0:29:36]} 20.Rfd1 {[%clk 0:53:47]}
Bf6 {[%clk 0:28:55]} 21.a4 {[%clk 0:41:38]} Ra5 {[%clk 0:15:44]}
22.b3 {[%clk 0:34:49]} Rxc3 {[%clk 0:08:40]} 23.Bd2 {[%clk 0:34:13]}
Rf5 {[%clk 0:08:10]} 24.Bxc3 {[%clk 0:33:57]} Bxc3 {[%clk 0:08:35]}
25.Rd7 {[%clk 0:23:21]} a5 {[%clk 0:05:34]} 26.Rxb7 {[%clk 0:20:40]}
Rxf3 {[%clk 0:05:50]} 27.Rd1 {[%clk 0:20:02]} Bb4 {[%clk 0:03:25]}
28.Kg2 {[%clk 0:19:08]} Rf4 {[%clk 0:01:22]} 29.Rd3 {[%clk 0:14:57]}
Rg4+ {[%clk 0:00:33]} 30.Rg3 {[%clk 0:14:48]} Re4 {[%clk 0:00:36]}
31.Rf3 {[%clk 0:14:59]} f5 {[%clk 0:00:35]} 32.Rd3 {[%clk 0:14:46]} 1-0

[Event "Russian Higher League 2021"]
[Site "?"]
[Date "2021.06.27"]
[Round "2.17"]
[White "Samojlov, Anton"]
[Black "Kobalia, Mikhail"]
[Result "0-1"]
[WhiteElo "2372"]
[BlackElo "2596"]
[Annotator ""]
[Source ""]
[Remark ""]

1.c4 {[%clk 1:30:57]} e5 {[%clk 1:28:47]} 2.Nc3 {[%clk 1:31:09]}
Bb4 {[%clk 1:26:48]} 3.Nd5 {[%clk 1:31:13]} Bc5 {[%clk 1:26:33]}
4.Nf3 {[%clk 1:29:34]} Nc6 {[%clk 1:23:44]} 5.e3 {[%clk 1:26:11]}
Nf6 {[%clk 1:17:07]} 6.b4 {[%clk 1:13:22]} Nxb4 {[%clk 1:00:11]}
7.Nxb4 {[%clk 1:09:21]} Bxb4 {[%clk 0:57:47]} 8.Nxe5 {[%clk 1:09:34]}
O-O {[%clk 0:58:13]} 9.Qa4 {[%clk 1:01:46]} Bd6 {[%clk 0:57:43]}
10.Nf3 {[%clk 0:58:43]} b6 {[%clk 0:58:07]} 11.Be2 {[%clk 0:54:57]}
Bb7 {[%clk 0:58:30]} 12.Bb2 {[%clk 0:55:10]} Ne4 {[%clk 0:56:45]}
13.d3 {[%clk 0:46:15]} Ng5 {[%clk 0:55:01]} 14.Nd4 {[%clk 0:40:24]}
Re8 {[%clk 0:46:27]} 15.Nf5 {[%clk 0:34:32]} Bf8 {[%clk 0:37:12]}
16.h4 {[%clk 0:31:07]} Ne6 {[%clk 0:37:19]} 17.Rh3 {[%clk 0:10:23]}
Be7 {[%clk 0:30:05]} 18.Rg3 {[%clk 0:09:35]} Bxh4 {[%clk 0:26:55]}
19.Bf3 {[%clk 0:03:15]} Bxg3 {[%clk 0:16:50]} 20.Bxb7 {[%clk 0:03:26]}
Nc5 {[%clk 0:13:01]} 21.Qd1 {[%clk 0:03:54]} Be5 {[%clk 0:11:59]}
22.d4 {[%clk 0:02:50]} Nxb7 {[%clk 0:12:22]} 23.dxe5 {[%clk 0:03:18]}
Qg5 {[%clk 0:12:22]} 24.Qf3 {[%clk 0:02:39]} Na5 {[%clk 0:09:23]}
25.O-O-O {[%clk 0:01:24]} Nxc4 {[%clk 0:08:49]} 26.Rxd7 {[%clk 0:01:10]}
Nxb2 {[%clk 0:09:17]} 27.Kxb2 {[%clk 0:01:23]} Rad8 {[%clk 0:08:06]}
28.Qd5 {[%clk 0:00:38]} Rxd7 {[%clk 0:07:15]} 29.Qxd7 {[%clk 0:01:06]}
Qd8 {[%clk 0:07:20]} 30.Qb5 {[%clk 0:01:35]} Qd2+ {[%clk 0:07:15]}
31.Kb3 {[%clk 0:01:43]} Rd8 {[%clk 0:07:22]} 32.Nd4 {[%clk 0:01:32]}
Qxf2 {[%clk 0:07:22]} 0-1

[Event "Russian Higher League 2021"]
[Site "?"]
[Date "2021.06.27"]
[Round "2.18"]
[White "Grachev, Alexey"]
[Black "Romanov, Evgeny"]
[Result "0-1"]
[WhiteElo "2347"]
[BlackElo "2599"]
[Annotator ""]
[Source ""]
[Remark ""]

1.c4 {[%clk 1:30:56]} e5 {[%clk 1:30:41]} 2.Nc3 {[%clk 1:31:16]}
Bb4 {[%clk 1:30:55]} 3.Qc2 {[%clk 1:31:14]} Nf6 {[%clk 1:30:06]}
4.Nf3 {[%clk 1:31:15]} Qe7 {[%clk 1:25:29]} 5.e4 {[%clk 1:28:15]}
O-O {[%clk 1:24:59]} 6.Be2 {[%clk 1:20:39]} c6 {[%clk 1:20:09]}
7.O-O {[%clk 1:09:39]} d5 {[%clk 1:18:00]} 8.cxd5 {[%clk 1:07:56]}
cxd5 {[%clk 1:18:22]} 9.d4 {[%clk 1:07:23]} Bxc3 {[%clk 1:07:25]}
10.bxc3 {[%clk 1:07:46]} exd4 {[%clk 1:05:37]} 11.e5 {[%clk 1:07:23]}
Ne4 {[%clk 1:05:57]} 12.cxd4 {[%clk 1:07:47]} Bg4 {[%clk 1:05:46]}
13.Qb3 {[%clk 1:03:18]} Rc8 {[%clk 1:03:51]} 14.Bb2 {[%clk 0:45:28]}
Qd7 {[%clk 1:03:02]} 15.Rfd1 {[%clk 0:44:29]} Nc6 {[%clk 1:02:53]}
16.Rac1 {[%clk 0:43:22]} h6 {[%clk 1:01:21]} 17.h3 {[%clk 0:35:09]}
Bh5 {[%clk 1:01:11]} 18.Qe3 {[%clk 0:32:56]} Na5 {[%clk 0:53:40]}
19.g4 {[%clk 0:30:26]} Bg6 {[%clk 0:53:58]} 20.Nh4 {[%clk 0:28:57]}
Bh7 {[%clk 0:50:11]} 21.f3 {[%clk 0:28:00]} Ng3 {[%clk 0:39:14]}
22.Bd3 {[%clk 0:27:16]} Bxd3 {[%clk 0:39:33]} 23.Qxd3 {[%clk 0:27:11]}
Nc4 {[%clk 0:26:25]} 24.Bc3 {[%clk 0:24:57]} Qd8 {[%clk 0:23:33]}
25.Ng2 {[%clk 0:24:42]} h5 {[%clk 0:23:55]} 26.Kf2 {[%clk 0:20:33]}
h4 {[%clk 0:23:58]} 27.Ne3 {[%clk 0:20:45]} Rc6 {[%clk 0:21:09]}
28.Nxc4 {[%clk 0:16:37]} dxc4 {[%clk 0:19:36]} 29.Qb1 {[%clk 0:14:47]}
Rb6 {[%clk 0:16:59]} 30.Qc2 {[%clk 0:15:15]} Qd5 {[%clk 0:16:38]}
31.Rb1 {[%clk 0:09:13]} Rxb1 {[%clk 0:16:47]} 32.Rxb1 {[%clk 0:09:29]}
b5 {[%clk 0:10:10]} 33.a4 {[%clk 0:07:37]} a6 {[%clk 0:10:26]}
34.Qb2 {[%clk 0:07:38]} f6 {[%clk 0:08:24]} 35.Re1 {[%clk 0:05:58]}
fxe5 {[%clk 0:05:19]} 36.Rxe5 {[%clk 0:06:20]} Qf7 {[%clk 0:05:38]}
37.Bb4 {[%clk 0:04:07]} a5 {[%clk 0:04:12]} 38.Be7 {[%clk 0:03:04]}
b4 {[%clk 0:02:15]} 39.Bxh4 {[%clk 0:03:27]} c3 {[%clk 0:01:54]}
40.Qc2 {[%clk 0:33:45]} Rc8 {[%clk 0:31:03]} 41.Rb5 {[%clk 0:19:00]}
Rf8 {[%clk 0:25:25]} 42.Kxg3 {[%clk 0:19:17]} Qf4+ {[%clk 0:25:40]} 0-1

[Event "Russian Higher League 2021"]
[Site "?"]
[Date "2021.06.27"]
[Round "2.19"]
[White "Demchenko, Anton"]
[Black "Galaktionov, Artem"]
[Result "1-0"]
[WhiteElo "2600"]
[BlackElo "2318"]
[Annotator ""]
[Source ""]
[Remark ""]

1.e4 {[%clk 1:30:56]} c6 {[%clk 1:30:58]} 2.d4 {[%clk 1:31:15]}
d5 {[%clk 1:31:26]} 3.e5 {[%clk 1:31:33]} Bf5 {[%clk 1:31:51]}
4.Nd2 {[%clk 1:31:58]} e6 {[%clk 1:32:07]} 5.Nb3 {[%clk 1:32:21]}
Nd7 {[%clk 1:32:19]} 6.Nf3 {[%clk 1:32:36]} a6 {[%clk 1:32:18]}
7.Be2 {[%clk 1:32:42]} Rc8 {[%clk 1:22:24]} 8.O-O {[%clk 1:31:32]}
c5 {[%clk 1:22:39]} 9.c3 {[%clk 1:31:56]} c4 {[%clk 1:11:15]}
10.Nbd2 {[%clk 1:32:12]} g5 {[%clk 1:11:09]} 11.Ne1 {[%clk 1:26:18]}
Bg6 {[%clk 0:56:01]} 12.g3 {[%clk 1:17:21]} h5 {[%clk 0:47:04]}
13.Ng2 {[%clk 1:15:07]} h4 {[%clk 0:45:15]} 14.Nf3 {[%clk 0:56:32]}
Be7 {[%clk 0:44:27]} 15.Bd2 {[%clk 0:52:40]} h3 {[%clk 0:32:02]}
16.Ne3 {[%clk 0:51:39]} b5 {[%clk 0:32:11]} 17.a4 {[%clk 0:49:45]}
Nh6 {[%clk 0:28:25]} 18.Ne1 {[%clk 0:47:06]} Nb6 {[%clk 0:26:00]}
19.axb5 {[%clk 0:38:58]} axb5 {[%clk 0:24:13]} 20.Bh5 {[%clk 0:36:35]}
Be4 {[%clk 0:20:28]} 21.f3 {[%clk 0:34:12]} Bh7 {[%clk 0:18:49]}
22.Ng4 {[%clk 0:34:03]} Bf5 {[%clk 0:15:39]} 23.Nf2 {[%clk 0:32:20]}
Na4 {[%clk 0:14:48]} 24.Qc1 {[%clk 0:31:59]} Ng8 {[%clk 0:13:19]}
25.Bg4 {[%clk 0:30:27]} f6 {[%clk 0:11:38]} 26.exf6 {[%clk 0:26:55]}
Bxf6 {[%clk 0:11:54]} 27.f4 {[%clk 0:27:11]} gxf4 {[%clk 0:11:18]}
28.Bxf4 {[%clk 0:26:19]} Ne7 {[%clk 0:11:18]} 29.Nf3 {[%clk 0:26:01]}
Kd7 {[%clk 0:07:07]} 30.Qe3 {[%clk 0:22:57]} Qg8 {[%clk 0:07:22]}
31.Qe2 {[%clk 0:18:17]} Ng6 {[%clk 0:06:32]} 32.Bg5 {[%clk 0:16:41]}
Rf8 {[%clk 0:05:15]} 33.Bxf5 {[%clk 0:07:47]} exf5 {[%clk 0:05:38]}
34.Bxf6 {[%clk 0:08:13]} Rxf6 {[%clk 0:06:07]} 35.b3 {[%clk 0:08:07]}
Re6 {[%clk 0:01:59]} 36.Qc2 {[%clk 0:08:23]} Nb6 {[%clk 0:01:34]}
37.bxc4 {[%clk 0:07:53]} f4 {[%clk 0:00:33]} 38.cxd5 {[%clk 0:07:31]}
Nxd5 {[%clk 0:00:40]} 39.Ra7+ {[%clk 0:07:36]} Nc7 {[%clk 0:01:06]}
40.g4 {[%clk 0:32:01]} Qb8 {[%clk 0:30:40]} 41.Rfa1 {[%clk 0:31:47]}
Rhe8 {[%clk 0:16:51]} 42.Nd3 {[%clk 0:31:03]} Kd8 {[%clk 0:15:44]}
43.Nc5 {[%clk 0:30:01]} Rf6 {[%clk 0:14:27]} 44.g5 {[%clk 0:29:19]}
Rb6 {[%clk 0:13:17]} 45.Qf5 {[%clk 0:28:54]} Re7 {[%clk 0:10:01]}
46.Qxh3 {[%clk 0:26:29]} Qc8 {[%clk 0:10:14]} 47.Qxc8+ {[%clk 0:19:35]}
Kxc8 {[%clk 0:10:29]} 48.Na6 {[%clk 0:18:45]} Rc6 {[%clk 0:07:17]}
49.Rxc7+ {[%clk 0:16:46]} Rexc7 {[%clk 0:07:26]} 50.Nxc7 {[%clk 0:17:09]}
Rxc3 {[%clk 0:07:23]} 51.Nd5 {[%clk 0:13:21]} Rxf3 {[%clk 0:07:46]}
52.Ra6 {[%clk 0:13:49]} Nh4 {[%clk 0:07:54]} 53.g6 {[%clk 0:13:33]}
Nxg6 {[%clk 0:07:21]} 54.Rxg6 {[%clk 0:13:55]} Rd3 {[%clk 0:07:49]}
55.Rd6 {[%clk 0:10:56]} Rd1+ {[%clk 0:07:18]} 56.Kg2 {[%clk 0:11:19]}
Rd2+ {[%clk 0:07:47]} 57.Kf3 {[%clk 0:11:27]} Rxh2 {[%clk 0:08:11]}
58.Nxf4 {[%clk 0:11:17]} Kc7 {[%clk 0:08:27]} 59.Rg6 {[%clk 0:11:25]}
Rb2 {[%clk 0:08:42]} 60.Nd5+ {[%clk 0:11:16]} Kd7 {[%clk 0:09:06]}
61.Rb6 {[%clk 0:11:13]} Rb1 {[%clk 0:09:31]} 62.Ke4 {[%clk 0:11:15]}
Re1+ {[%clk 0:06:50]} 63.Kd3 {[%clk 0:11:20]} Rd1+ {[%clk 0:07:16]}
64.Kc3 {[%clk 0:11:29]} Rc1+ {[%clk 0:07:41]} 65.Kd2 {[%clk 0:11:42]}
Rc4 {[%clk 0:08:08]} 66.Kd3 {[%clk 0:12:00]} Rc1 {[%clk 0:08:34]}
67.Nb4 {[%clk 0:11:13]} Rb1 {[%clk 0:08:57]} 68.Rxb5 {[%clk 0:11:34]}
Kd6 {[%clk 0:09:11]} 69.Rb6+ {[%clk 0:11:41]} Kd7 {[%clk 0:09:40]}
70.Kc4 {[%clk 0:11:56]} Rh1 {[%clk 0:09:56]} 71.Nd3 {[%clk 0:12:13]}
Ra1 {[%clk 0:09:33]} 72.Nc5+ {[%clk 0:12:29]} Kc7 {[%clk 0:10:02]}
73.Rb7+ {[%clk 0:12:38]} Kc8 {[%clk 0:09:50]} 74.Rh7 {[%clk 0:13:00]}
Rb1 {[%clk 0:10:08]} 75.d5 {[%clk 0:13:09]} Rb6 {[%clk 0:10:34]}
76.Ne6 {[%clk 0:13:28]} Ra6 {[%clk 0:10:55]} 77.Rh8+ {[%clk 0:13:35]} 1-0